[Event "World Rapid 2018"]
[Site "St Petersburg RUS"]
[Date "2018.12.26"]
[Round "1.87"]
[White "Tang, Andrew"]
[Black "Smirin, Ilia"]
[Result "0-1"]
[WhiteTitle "GM"]
[BlackTitle "GM"]
[WhiteElo "2487"]
[BlackElo "2609"]
[WhiteFideId "2059630"]
[BlackFideId "2801990"]
[EventDate "2018.12.26"]

1. d4 Nf6 2. c4 g6 3. Nc3 Bg7 4. e4 d6 5. f3 a6 6. Be3 O-O 7. Nge2 Nc6 8. Rb1
Ne8 9. b4 f5 10. b5 Na5 11. bxa6 Rxa6 12. Nf4 Nc6 13. c5 Ra3 14. Qc1 Ra8 15.
cxd6 cxd6 16. Qd2 Nf6 17. exf5 Bxf5 18. Bc4+ Kh8 19. Ne6 Qc8 20. Nxf8 Bxb1 21.
Be6 Qxf8 22. Nxb1 Nh5 23. O-O Qf6 24. d5 Nd4 25. Bg4 Nf4 26. Nc3 Ra3 27. Bxf4
Rxc3 28. Re1 Rc2 29. Qe3 h5 30. Bg5 Qe5 31. Qxe5 Bxe5 32. f4 Bf6 33. Bxf6+ exf6
34. Bf3 b5 35. Re8+ Kg7 36. Rd8 Rxa2 37. Rxd6 b4 38. Rb6 b3 39. Be4 f5 40. Bd3
Rd2 41. Bf1 b2 42. d6 Kf6 43. Rb7 Ke6 44. d7 Ke7 45. h4 Ne6 46. Kh2 Nxf4 47. Kg3
Ne6 48. Bc4 Nc5 49. Rb6 Nxd7 0-1

[Event "World Rapid 2018"]
[Site "St Petersburg RUS"]
[Date "2018.12.26"]
[Round "1.88"]
[White "Postny, Evgeny"]
[Black "Vorotnikov, Vladislav V"]
[Result "1-0"]
[WhiteTitle "GM"]
[BlackTitle "GM"]
[WhiteElo "2615"]
[BlackElo "2417"]
[WhiteFideId "2804344"]
[BlackFideId "4103009"]
[EventDate "2018.12.26"]

1. d4 d6 2. Nf3 Nf6 3. c4 Bg4 4. Qb3 Nc6 5. d5 Bxf3 6. gxf3 Nd4 7. Qd1 e5 8. Bh3
g6 9. Rg1 Nd7 10. Nc3 Qh4 11. Bxd7+ Kxd7 12. Qa4+ c6 13. Be3 Bh6 14. O-O-O Rhc8
15. Kb1 Ke7 16. dxc6 bxc6 17. Qa3 Rd8 18. Rg4 Qxh2 19. Bxd4 exd4 20. Rgxd4 Bg7
21. R4d3 Rd7 22. Ne4 Rad8 23. Qa4 Qe5 24. Nc3 Qc5 25. e3 f5 26. f4 Rb7 27. R1d2
Rb4 28. Qd1 Rxc4 29. Ne2 d5 30. Nd4 Kf7 31. b3 Rb8 32. Rb2 Bxd4 33. exd4 Qb6 34.
Re2 Rb4 35. Qe1 Rb7 36. Re8 Rxd4 37. Qe6+ Kg7 38. Rg8+ Kh6 39. Rh3# 1-0

[Event "World Rapid 2018"]
[Site "St Petersburg RUS"]
[Date "2018.12.26"]
[Round "1.89"]
[White "Danielyan, Vahe"]
[Black "Demidov, Mikhail"]
[Result "0-1"]
[WhiteTitle "FM"]
[BlackTitle "IM"]
[WhiteElo "2220"]
[BlackElo "2520"]
[WhiteFideId "13304828"]
[BlackFideId "4197143"]
[EventDate "2018.12.26"]

1. e4 Nf6 2. d3 d5 3. Nd2 e6 4. Ngf3 c5 5. g3 Nc6 6. Bg2 g6 7. O-O Bg7 8. exd5
Nxd5 9. Ne4 b6 10. h4 h6 11. c4 Nde7 12. Bf4 e5 13. Be3 Bb7 14. h5 f5 15. Nc3 g5
16. Re1 Qd7 17. a3 O-O-O 18. Nd5 Nxd5 19. cxd5 Ne7 20. b4 Nxd5 21. bxc5 Nxe3 22.
fxe3 e4 23. Rc1 bxc5 24. Rxc5+ Kb8 25. Ne5 Qd6 26. Nc6+ Bxc6 27. Qb3+ Ka8 28.
Rec1 Rb8 29. Qf7 Bb7 30. Qxg7 Qxg3 31. Qc3 exd3 32. Qd2 Rhd8 33. Rxf5 Bxg2 34.
Qxg2+ Qxg2+ 35. Kxg2 Rb3 36. e4 Rxa3 37. e5 d2 38. Rd1 Re3 39. Kf2 Re4 40. Rf6
Rxe5 41. Rxh6 Rf8+ 42. Kg3 Re3+ 43. Kg4 Rd8 44. Ra6 Rd5 45. h6 Re4+ 46. Kh5 g4+
47. Kg6 g3 48. h7 Rg4+ 49. Kf6 Rh4 50. Ra2 Rh6+ 51. Kg7 Rdh5 52. Rdxd2 Rxh7+ 53.
Kg6 R5h6+ 54. Kg5 Rh2 0-1

[Event "World Rapid 2018"]
[Site "St Petersburg RUS"]
[Date "2018.12.26"]
[Round "1.90"]
[White "Tsydypov, Zhamsaran"]
[Black "Chen, Qi b"]
[Result "1-0"]
[WhiteTitle "IM"]
[WhiteElo "2529"]
[BlackElo "2437"]
[WhiteFideId "4108566"]
[BlackFideId "8614733"]
[EventDate "2018.12.26"]

1. c4 Nf6 2. Nf3 g6 3. Nc3 Bg7 4. e4 d6 5. d4 O-O 6. Be2 Na6 7. O-O e5 8. Re1 c6
9. d5 c5 10. Nd2 Kh8 11. Nf1 Ng8 12. Ng3 Bd7 13. a3 f5 14. exf5 gxf5 15. Nh5 Bh6
16. f4 e4 17. b4 Nf6 18. Bb2 Nxh5 19. Bxh5 Bg7 20. b5 Nc7 21. Na4 Bxb2 22. Nxb2
Qf6 23. Qd2 Rg8 24. Re3 Rg7 25. Qc3 Qxc3 26. Rxc3 Bxb5 27. cxb5 Nxd5 28. Rc2
Nxf4 29. Bd1 d5 30. Kf1 Ne6 31. Rd2 Nd4 32. Na4 b6 33. Nc3 Rd7 34. a4 Kg7 35. a5
Rb8 36. axb6 axb6 37. Rda2 Kf6 38. Ra7 Rbd8 39. Rxd7 Rxd7 40. Ra6 Rd6 41. Rxb6
Rxb6 42. Nxd5+ Ke5 43. Nxb6 Nxb5 44. Be2 Nc3 45. Bc4 e3 46. Bd3 h6 47. Nd7+ Kd4
48. Bxf5 c4 49. Nb6 Na2 50. Nxc4 Kxc4 51. Be6+ Kd3 52. Bxa2 Kd2 53. Bc4 1-0

[Event "World Rapid 2018"]
[Site "St Petersburg RUS"]
[Date "2018.12.26"]
[Round "1.91"]
[White "Gurvich, Vitaly"]
[Black "Khanin, Semen"]
[Result "0-1"]
[WhiteTitle "FM"]
[BlackTitle "IM"]
[WhiteElo "2270"]
[BlackElo "2514"]
[WhiteFideId "24164852"]
[BlackFideId "4111990"]
[EventDate "2018.12.26"]

1. c4 Nf6 2. Nc3 e5 3. g3 c6 4. d4 exd4 5. Qxd4 Na6 6. Bg2 Bc5 7. Qd2 O-O 8. Nf3
Nc7 9. Qc2 d5 10. cxd5 Ncxd5 11. Nxd5 Qxd5 12. Nh4 Bb4+ 13. Bd2 Bxd2+ 14. Qxd2
Qxd2+ 15. Kxd2 Rd8+ 16. Ke1 Be6 17. f4 Ng4 18. Bf3 Rd4 19. h3 Nf6 20. Kf2 Rad8
21. b3 h6 22. Ng2 a5 23. Ne3 g6 24. Rhc1 a4 25. Nc4 Bxh3 26. bxa4 Be6 27. Ne5
Rxa4 28. Rab1 Ra7 29. a4 Bd5 30. a5 Bxf3 31. Kxf3 Nd7 32. Nc4 Nc5 33. Rd1 Rxd1
34. Rxd1 Ra8 35. e4 Kf8 36. f5 gxf5 37. exf5 Ke7 38. g4 Rd8 39. f6+ Ke8 40. Rh1
Rd3+ 41. Ke2 Rd4 42. Ne3 Kd7 43. Rxh6 Ke6 44. g5 Ne4 45. g6 fxg6 46. Rxg6 Nxf6
47. Rg7 Rb4 48. Kd3 Rb3+ 49. Ke2 Nd5 50. Nc4 Nf4+ 51. Kd2 Nd5 52. Rh7 Ne7 53.
Kc2 Rb5 54. Rh6+ Kd5 55. Kc3 Kc5 56. Nd6 Nd5+ 57. Kc2 Rb4 58. Nc8 Kb5 59. Na7+
Ka6 60. Nc8 Kxa5 61. Nd6 b5 62. Nc8 Rc4+ 63. Kb2 b4 64. Na7 Kb6 65. Nc8+ Kc7 66.
Na7 Kb7 67. Rh7+ Nc7 68. Kb3 Rg4 69. Rf7 Kxa7 70. Rxc7+ Kb6 71. Rc8 Kb5 72. Rb8+
Kc5 73. Rc8 Rg3+ 74. Kb2 Kb5 0-1

[Event "World Rapid 2018"]
[Site "St Petersburg RUS"]
[Date "2018.12.26"]
[Round "1.92"]
[White "Jumabayev, Rinat"]
[Black "Shubin, Kirill"]
[Result "1-0"]
[WhiteTitle "GM"]
[BlackTitle "FM"]
[WhiteElo "2602"]
[BlackElo "2334"]
[WhiteFideId "13702661"]
[BlackFideId "34119962"]
[EventDate "2018.12.26"]

1. c4 e5 2. Nc3 Nc6 3. g3 g6 4. Bg2 Bg7 5. Nf3 Nge7 6. O-O O-O 7. Rb1 f5 8. d3
d6 9. Bd2 h6 10. b4 Qd7 11. b5 Nd8 12. c5 d5 13. e4 fxe4 14. dxe4 d4 15. Qb3+
Kh7 16. Nd5 c6 17. bxc6 bxc6 18. Nb4 Qc7 19. Qa3 a5 20. Nd3 Bg4 21. Nb2 Ne6 22.
Nc4 d3 23. Qxd3 Nxc5 24. Qe3 Ne6 25. Bc3 Bxf3 26. Bxf3 c5 27. Rb2 Nd4 28. Bg2
Nec6 29. Rfb1 Ra7 30. a3 a4 31. Qd3 Qf7 32. Ne3 Nf3+ 33. Kh1 Ncd4 34. Qc4 Ne6
35. Rb6 Nfd4 36. Rf1 Re8 37. Nd5 Rb7 38. Rxb7 Qxb7 39. f4 exf4 40. gxf4 Qb5 41.
Qa2 Rf8 42. f5 gxf5 43. exf5 Nxf5 44. Qc2 Bxc3 45. Rxf5 Rxf5 46. Qxf5+ Kg7 47.
Nxc3 Qc4 48. Qe5+ Kf7 49. h3 Qd3 50. Ne4 Qd4 51. Qxd4 Nxd4 52. Nd2 Ke6 53. Kg1
Nc2 54. Nc4 Nd4 55. Kf2 Kf5 56. Ke3 Kg5 57. Bb7 Kh4 58. Bc8 Kg3 59. Ke4 Nc6 60.
Bd7 Nd4 1-0

[Event "World Rapid 2018"]
[Site "St Petersburg RUS"]
[Date "2018.12.26"]
[Round "1.93"]
[White "Mamatov, Melis"]
[Black "Miton, Kamil"]
[Result "0-1"]
[BlackTitle "GM"]
[WhiteElo "2223"]
[BlackElo "2588"]
[WhiteFideId "13800027"]
[BlackFideId "1111914"]
[EventDate "2018.12.26"]

1. e4 c5 2. Nf3 d6 3. d4 cxd4 4. Nxd4 Nf6 5. Nc3 Bd7 6. Bg5 e6 7. Qd2 a6 8. f4
h6 9. Bxf6 Qxf6 10. O-O-O Qd8 11. e5 dxe5 12. fxe5 Nc6 13. Nf3 Bb4 14. a3 Ba5
15. Qe3 Qb6 16. Qd3 O-O 17. Ne4 Rfd8 18. b4 Bxb4 19. axb4 Nxb4 20. Qb3 Rac8 21.
Bd3 Qa5 22. Kb1 Ba4 23. Qb2 Nxd3 24. Rxd3 Rxd3 25. cxd3 Bc2+ 26. Qxc2 Rxc2 27.
Kxc2 Qa2+ 28. Kc3 Qxg2 29. Nf6+ Kf8 30. Nh7+ Ke7 0-1

[Event "World Rapid 2018"]
[Site "St Petersburg RUS"]
[Date "2018.12.26"]
[Round "1.94"]
[White "Bindrich, Falko"]
[Black "Yeritsyan, Aram"]
[Result "1-0"]
[WhiteTitle "GM"]
[BlackTitle "FM"]
[WhiteElo "2606"]
[BlackElo "2372"]
[WhiteFideId "4676670"]
[BlackFideId "34161047"]
[EventDate "2018.12.26"]

1. d4 Nf6 2. c4 e6 3. g3 Bb4+ 4. Bd2 c5 5. Bg2 O-O 6. Nf3 d6 7. O-O Bxd2 8. Qxd2
cxd4 9. Nxd4 a6 10. Nc3 Qc7 11. Rac1 Rd8 12. Rfd1 Nbd7 13. Nb3 Nc5 14. Nxc5 Qxc5
15. Na4 Qc7 16. Qb4 Rb8 17. Qb6 Qxb6 18. Nxb6 Kf8 19. c5 d5 20. e4 Bd7 21. exd5
exd5 22. Nxd5 Nxd5 23. Rxd5 Bc6 24. Rd6 Rxd6 25. cxd6 Bxg2 26. Kxg2 Rd8 27. Rc7
Rxd6 28. Rxb7 h5 29. b4 Rd2 30. a4 Ra2 31. a5 g6 32. h4 Rb2 33. Kf3 Kg7 34. Rb6
Rb3+ 35. Ke4 Rb2 36. Ke3 Kh6 37. Rb7 Kg7 38. Rb6 Kh6 39. Kf3 Kg7 40. Ke4 Kh6 41.
Kd5 f5 42. f4 Rb3 43. Kc6 Rc3+ 44. Kb7 Rxg3 45. Rxa6 Rg4 46. Rb6 Rxh4 47. a6 Rh1
48. a7 Ra1 49. Ra6 1-0

[Event "World Rapid 2018"]
[Site "St Petersburg RUS"]
[Date "2018.12.26"]
[Round "1.95"]
[White "Nihal, Sarin"]
[Black "Bosiocic, Marin"]
[Result "0-1"]
[WhiteTitle "GM"]
[BlackTitle "GM"]
[WhiteElo "2576"]
[BlackElo "2599"]
[WhiteFideId "25092340"]
[BlackFideId "14507927"]
[EventDate "2018.12.26"]

1. Nf3 d5 2. e3 Nf6 3. c4 e6 4. b3 Be7 5. Bb2 O-O 6. Nc3 c5 7. cxd5 exd5 8. d4
b6 9. Bd3 Bb7 10. O-O Nc6 11. dxc5 bxc5 12. Rc1 Nb4 13. Bb1 a5 14. Na4 Ne4 15.
Nd2 Nxd2 16. Qxd2 Rc8 17. Rfd1 d4 18. exd4 Qd5 19. f4 Qh5 20. Nxc5 Ba8 21. a3
Nd5 22. Be4 Bd6 23. g3 Qg4 24. Rf1 Rfe8 25. Rce1 Nxf4 26. Bxa8 Ne2+ 27. Kh1 Rxa8
28. Rf2 Nxg3+ 29. hxg3 Bxg3 30. Ref1 Bxf2 31. Rxf2 Rad8 32. Qf4 Re1+ 33. Kh2
Qh5+ 34. Kg3 Rg1+ 0-1

[Event "World Rapid 2018"]
[Site "St Petersburg RUS"]
[Date "2018.12.26"]
[Round "1.96"]
[White "Moiseenko, Vadim"]
[Black "Makoveev, Ilya"]
[Result "1-0"]
[WhiteTitle "GM"]
[BlackTitle "FM"]
[WhiteElo "2501"]
[BlackElo "2257"]
[WhiteFideId "4123700"]
[BlackFideId "34155748"]
[EventDate "2018.12.26"]

1. e4 c5 2. Nf3 d6 3. d4 cxd4 4. Nxd4 Nf6 5. Nc3 a6 6. Be3 e5 7. Nf3 Be7 8. Bc4
O-O 9. O-O Be6 10. Bb3 Nc6 11. Qe2 Rc8 12. Rfd1 Nd7 13. Nd5 Na5 14. Nxe7+ Qxe7
15. Bxe6 fxe6 16. b3 Nf6 17. Qd2 Nc6 18. Qxd6 Qxd6 19. Rxd6 Nxe4 20. Rxe6 Kf7
21. Rxc6 bxc6 22. Nxe5+ Kg8 23. g3 Nc3 24. Kg2 Rfd8 25. a4 Rd5 26. Nd3 Rxd3 27.
cxd3 Rb8 28. Ra3 Nb1 29. Ra2 Rxb3 30. Rc2 Nc3 31. a5 Kf7 32. Bd2 Nb1 33. Be1
Rxd3 34. Rxc6 Rd1 35. Bb4 Rd4 36. Rb6 Rc4 37. Rb7+ Kg8 38. Bd6 Nd2 39. Be5 Rg4
40. f4 Nc4 41. Bc3 Rg6 42. Kf3 h5 43. Rc7 Na3 44. Be5 Nb5 45. Rd7 Kh7 46. h3 Na3
47. f5 Rg5 48. Kf4 Kh6 49. Rd8 1-0

[Event "World Rapid 2018"]
[Site "St Petersburg RUS"]
[Date "2018.12.26"]
[Round "1.97"]
[White "Gaifullin, Artur"]
[Black "Gareyev, Timur"]
[Result "0-1"]
[WhiteTitle "FM"]
[BlackTitle "GM"]
[WhiteElo "2448"]
[BlackElo "2569"]
[WhiteFideId "24168653"]
[BlackFideId "14200937"]
[EventDate "2018.12.26"]

1. d4 d6 2. Nf3 Bf5 3. g3 Nf6 4. Bg2 Qc8 5. h3 c5 6. d5 Na6 7. Nfd2 g6 8. e4 Bd7
9. Nc3 Bg7 10. a4 O-O 11. Ra3 Nb4 12. Nc4 b6 13. Be3 Rb8 14. g4 a6 15. e5 Ne8
16. a5 bxa5 17. O-O Qc7 18. Re1 dxe5 19. Nb1 Bb5 20. Nxa5 Nd6 21. Nc3 f5 22. Nb3
c4 23. Nc5 f4 24. Ne6 fxe3 25. Nxc7 exf2+ 26. Kh1 fxe1=Q+ 27. Qxe1 Nxc2 28. Qc1
Nxa3 29. bxa3 Bd7 30. Nxa6 Rb3 31. Nc5 e4 32. N3xe4 Nxe4 33. Bxe4 Rxh3+ 34. Kg2
Rc3 35. Qg5 Bd4 36. Qd2 Rf2+ 37. Qxf2 Bxf2 38. Kxf2 Bxg4 39. a4 Ra3 40. Ke1 Bf5 0-1

[Event "World Rapid 2018"]
[Site "St Petersburg RUS"]
[Date "2018.12.26"]
[Round "1.98"]
[White "Indjic, Aleksandar"]
[Black "Masrahi, Abdulrahman A"]
[Result "1-0"]
[WhiteTitle "GM"]
[BlackTitle "CM"]
[WhiteElo "2620"]
[BlackElo "1903"]
[WhiteFideId "911925"]
[BlackFideId "21501564"]
[EventDate "2018.12.26"]

1. e4 e5 2. Nf3 Nc6 3. d4 exd4 4. Nxd4 Bc5 5. Nxc6 bxc6 6. Bd3 Qh4 7. Qe2 Nf6 8.
Be3 Bxe3 9. Qxe3 O-O 10. Nd2 d5 11. O-O Re8 12. f3 dxe4 13. Nxe4 Bf5 14. g3 Nd5
15. Qf2 Qe7 16. Rfe1 Qb4 17. c3 Qb6 18. Re2 Bxe4 19. Bxe4 f5 20. Qxb6 axb6 21.
Bd3 Rxe2 22. Bxe2 f4 23. Kf2 Kf7 24. a3 Kf6 25. Rd1 Re8 26. Rd4 g5 27. c4 fxg3+
28. hxg3 Ne7 29. Rd7 Rc8 30. Bf1 g4 31. fxg4 Ke6 32. Rd1 Ng6 33. g5 Rf8+ 34. Ke3
Rf7 35. c5 Kf5 36. Bg2 Re7+ 37. Kd2 Re5 38. cxb6 cxb6 39. Bxc6 Kxg5 40. Rh1 h5
41. Bf3 h4 42. gxh4+ Nxh4 43. Be2 Nf5 44. Bd3 Kf4 45. Rf1+ Kg5 46. Rxf5+ Rxf5
47. Bxf5 Kxf5 48. Kc3 Ke5 49. Kc4 Kd6 50. Kb5 Kc7 51. b4 Kb7 52. a4 Kc7 53. Ka6
Kc6 54. b5+ 1-0

[Event "World Rapid 2018"]
[Site "St Petersburg RUS"]
[Date "2018.12.26"]
[Round "1.99"]
[White "Al Thebaiti, Ahmed M"]
[Black "Yuffa, Daniil"]
[Result "0-1"]
[WhiteTitle "CM"]
[BlackTitle "GM"]
[WhiteElo "1976"]
[BlackElo "2572"]
[WhiteFideId "21502390"]
[BlackFideId "24131423"]
[EventDate "2018.12.26"]

1. d4 Nf6 2. Bf4 g6 3. e3 Bg7 4. Nc3 d6 5. h4 Nbd7 6. d5 c6 7. dxc6 bxc6 8. Nf3
Rb8 9. Bc4 O-O 10. h5 Nxh5 11. Rxh5 gxh5 12. Ng5 Nf6 13. Bb3 Bf5 14. Qf3 Qd7 15.
Qg3 e5 16. O-O-O exf4 17. Qxf4 d5 18. e4 Bg6 19. exd5 Nxd5 20. Nxd5 cxd5 21.
Rxd5 Bxb2+ 22. Kb1 Qxd5 0-1

[Event "World Rapid 2018"]
[Site "St Petersburg RUS"]
[Date "2018.12.26"]
[Round "1.100"]
[White "Zvjaginsev, Vadim"]
[Black "khayat, Abdullah F"]
[Result "1-0"]
[WhiteTitle "GM"]
[WhiteElo "2642"]
[BlackElo "1723"]
[WhiteFideId "4113403"]
[BlackFideId "21500460"]
[EventDate "2018.12.26"]

1. Nf3 Nf6 2. g3 g6 3. Bg2 Bg7 4. O-O O-O 5. d4 d5 6. c3 Re8 7. Bf4 c6 8. Nbd2
Nh5 9. Be5 f6 10. Bxb8 Rxb8 11. e4 dxe4 12. Nxe4 e5 13. dxe5 Qxd1 14. Rfxd1 fxe5
15. Nd6 Rd8 16. Ng5 Nf6 17. Bf1 Nd5 18. Nxc8 Rbxc8 19. Bh3 Rb8 20. Be6+ Kf8 21.
Bxd5 cxd5 22. Ne6+ Kf7 23. Nxd8+ Rxd8 24. Kf1 b6 25. Ke2 Ke6 26. Rac1 g5 27. f3
h6 28. c4 d4 29. h3 Kd6 30. b4 a6 31. c5+ bxc5 32. Rxc5 Rb8 33. a3 Bf8 34. Kd3
Rb6 35. Ke4 Bg7 36. Rdc1 Kd7 37. a4 Ke6 38. Rc6+ Rxc6 39. Rxc6+ Kd7 40. Rxa6 Bf8
41. b5 Bg7 42. Ra7+ 1-0

[Event "World Rapid 2018"]
[Site "St Petersburg RUS"]
[Date "2018.12.26"]
[Round "1.101"]
[White "Ahmed, Hassan Abdillahi"]
[Black "Huzman, Alexander"]
[Result "0-1"]
[BlackTitle "GM"]
[WhiteElo "1570"]
[BlackElo "2580"]
[WhiteFideId "32500033"]
[BlackFideId "2803828"]
[EventDate "2018.12.26"]

1. d4 Nf6 2. c4 g6 3. Nf3 Bg7 4. Nc3 d5 5. e3 O-O 6. Be2 c5 7. O-O cxd4 8. exd4
Nc6 9. Be3 dxc4 10. Bxc4 Na5 11. Be2 Be6 12. b3 Rc8 13. Rc1 Nd5 14. Ne4 Bf5 15.
Ng3 Nc3 16. Rxc3 Rxc3 17. Nxf5 gxf5 18. Ne5 Bxe5 19. dxe5 Qxd1 20. Bxd1 Nc6 21.
Bh6 Rd8 22. f4 Rc1 23. Bf3 Rxf1+ 24. Kxf1 Rd2 25. a4 Rb2 26. Bd5 e6 27. Bc4 Na5
28. g4 Nxc4 29. bxc4 fxg4 30. Bg5 Rxh2 31. Be7 h5 32. a5 a6 33. Kg1 Rc2 34. c5
Kh7 35. Kh1 Kg6 36. Kg1 Kf5 37. Bd6 g3 38. Kh1 h4 39. Be7 h3 40. Bd6 Rc1# 0-1

[Event "World Rapid 2018"]
[Site "St Petersburg RUS"]
[Date "2018.12.26"]
[Round "1.103"]
[White "Alsulaymi, Abdullah M"]
[Black "Levin, Evgeny A."]
[Result "0-1"]
[BlackTitle "GM"]
[WhiteElo "1833"]
[BlackElo "2516"]
[WhiteFideId "21511390"]
[BlackFideId "4182596"]
[EventDate "2018.12.26"]

1. e4 c5 2. b4 b6 3. bxc5 bxc5 4. Nf3 Nc6 5. Bc4 e6 6. Nc3 Nf6 7. d3 Be7 8. O-O
O-O 9. Bf4 d6 10. Rb1 Nd7 11. Ne2 Nb6 12. Bb5 Bb7 13. Ng3 a6 14. Bxc6 Bxc6 15.
d4 Na4 16. Qd2 Bb5 17. Rfd1 cxd4 18. Nxd4 e5 19. Nxb5 exf4 20. Nf5 axb5 21. Rxb5
Bf6 22. Rb7 Nc5 23. Rb4 Rxa2 24. Qxf4 Rxc2 25. Rxd6 Qxd6 26. Nxd6 Nd3 27. Qe3
Rc1+ 28. Qxc1 Nxc1 29. g3 Be7 30. Rb6 g6 31. f4 Rd8 32. Nc4 0-1

[Event "World Rapid 2018"]
[Site "St Petersburg RUS"]
[Date "2018.12.26"]
[Round "2.3"]
[White "Artemiev, Vladislav"]
[Black "Vitiugov, Nikita"]
[Result "1-0"]
[WhiteTitle "GM"]
[BlackTitle "GM"]
[WhiteElo "2709"]
[BlackElo "2719"]
[WhiteFideId "24101605"]
[BlackFideId "4152956"]
[EventDate "2018.12.26"]

1. c4 c6 2. e4 d5 3. exd5 cxd5 4. d4 Nf6 5. Nc3 g6 6. Qb3 Bg7 7. cxd5 O-O 8. Be2
Nbd7 9. Bf3 Nb6 10. Nge2 a5 11. O-O a4 12. Qb5 Bd7 13. Qb4 Bg4 14. Bxg4 Nxg4 15.
Qb5 Nf6 16. Nf4 Qd6 17. Re1 Rfc8 18. a3 Ra6 19. h3 h6 20. Be3 g5 21. Nd3 Nbxd5
22. Nc5 Rb6 23. Qe2 Nxc3 24. bxc3 Nd5 25. Nxa4 Nxc3 26. Qg4 Rbc6 27. Nxc3 Rxc3
28. h4 gxh4 29. Rab1 b6 30. Rb5 Qg6 31. Qxh4 R8c7 32. d5 Bf6 33. Qh3 Bd4 34. d6
Qxd6 35. Qg4+ Bg7 36. Rxb6 R7c6 37. Bf4 Qg6 38. Qxg6 fxg6 39. Rxc6 Rxc6 40. Rxe7
Ra6 41. Bc1 Rc6 42. Bd2 Rc2 43. Be3 Ra2 44. Ra7 Be5 45. g3 h5 46. a4 Bc3 47. Kg2
Bb4 48. Kf3 Be1 49. Bd4 Bd2 50. Bb6 g5 51. a5 h4 52. gxh4 gxh4 53. Kg4 Be1 54.
a6 Ra4+ 55. Kh3 Bc3 56. Ra8+ Kf7 57. a7 Ra3 58. Rf8+ 1-0

[Event "World Rapid 2018"]
[Site "St Petersburg RUS"]
[Date "2018.12.26"]
[Round "2.6"]
[White "Inarkiev, Ernesto"]
[Black "Karjakin, Sergey"]
[Result "1/2-1/2"]
[WhiteTitle "GM"]
[BlackTitle "GM"]
[WhiteElo "2693"]
[BlackElo "2753"]
[WhiteFideId "4162722"]
[BlackFideId "14109603"]
[EventDate "2018.12.26"]

1. d4 Nf6 2. c4 e6 3. Nf3 d5 4. Nc3 Be7 5. g3 O-O 6. Bg2 dxc4 7. Ne5 c5 8. dxc5
Qxd1+ 9. Nxd1 Bxc5 10. O-O Nc6 11. Nxc4 Nd5 12. Bd2 Bd7 13. Rc1 Rfc8 14. Re1 f6
15. Nc3 Nxc3 16. Bxc3 e5 17. Na5 Nxa5 18. Bxa5 Rab8 19. Bd5+ Kf8 20. Rxc5 Rxc5
21. Bb4 b6 22. Rc1 Rc8 23. Bxc5+ Rxc5 24. Rxc5 bxc5 25. Kf1 Ke7 26. Ke1 Kd6 27.
Bg8 h6 28. Kd2 Bb5 29. e3 a5 30. f4 exf4 31. exf4 Bc6 32. Bc4 1/2-1/2

[Event "World Rapid 2018"]
[Site "St Petersburg RUS"]
[Date "2018.12.26"]
[Round "2.7"]
[White "Nepomniachtchi, Ian"]
[Black "Rakhmanov, Aleksandr"]
[Result "1-0"]
[WhiteTitle "GM"]
[BlackTitle "GM"]
[WhiteElo "2763"]
[BlackElo "2629"]
[WhiteFideId "4168119"]
[BlackFideId "4173708"]
[EventDate "2018.12.26"]

1. c4 e6 2. Nf3 d5 3. e3 g6 4. Nc3 Bg7 5. b3 b6 6. Bb2 Bb7 7. Qc2 dxc4 8. Bxc4
Nd7 9. d4 Ne7 10. e4 a6 11. a4 O-O 12. Rd1 Qc8 13. O-O c6 14. Rfe1 b5 15. Bf1
Re8 16. h4 b4 17. Na2 c5 18. dxc5 Qxc5 19. Qb1 Rad8 20. Bxg7 Kxg7 21. Qb2+ Kg8
22. Rc1 Qa5 23. Rc4 Nb6 24. Rc2 Nd7 25. Qc1 Rc8 26. Rxc8 Rxc8 27. Qd2 Nc5 28.
Qh6 Nd7 29. Qd2 Nc5 30. Qh6 Nd7 31. Nc1 Qd8 32. Nd3 a5 33. h5 Nf6 34. hxg6 hxg6
35. Ng5 Qf8 36. Qh4 Nc6 37. e5 Nh5 38. g4 Nd4 39. gxh5 Qh6 40. Bg2 Bxg2 41. Kxg2
Nf5 42. Qf4 Rd8 43. Nc5 Rd4 44. Nce4 gxh5 45. Kh2 Kf8 46. Qc1 1-0

[Event "World Rapid 2018"]
[Site "St Petersburg RUS"]
[Date "2018.12.26"]
[Round "2.11"]
[White "Korobov, Anton"]
[Black "Postny, Evgeny"]
[Result "1/2-1/2"]
[WhiteTitle "GM"]
[BlackTitle "GM"]
[WhiteElo "2698"]
[BlackElo "2615"]
[WhiteFideId "14105730"]
[BlackFideId "2804344"]
[EventDate "2018.12.26"]

1. d4 d5 2. c4 c6 3. Nf3 Nf6 4. Nc3 a6 5. c5 Bf5 6. Bf4 Nbd7 7. e3 Nh5 8. Be5 f6
9. Bg3 e5 10. Be2 Nxg3 11. hxg3 Be6 12. b4 e4 13. Nd2 g6 14. a4 Bg7 15. b5 axb5
16. axb5 O-O 17. O-O f5 18. Qb3 h5 19. Rxa8 Qxa8 20. Qb2 Qd8 21. bxc6 bxc6 22.
Qb7 Qa8 23. Rb1 Qxb7 24. Rxb7 Rc8 25. Nb3 Bf6 26. Kf1 Bd8 27. Ke1 Rb8 28. Rxb8
Nxb8 29. Na2 Kf8 30. Kd2 Bc8 31. Nb4 Ke7 32. Kc3 Kd7 33. Nd2 1/2-1/2

[Event "World Rapid 2018"]
[Site "St Petersburg RUS"]
[Date "2018.12.26"]
[Round "2.14"]
[White "Roiz, Michael"]
[Black "Guseinov, Gadir"]
[Result "1-0"]
[WhiteTitle "GM"]
[BlackTitle "GM"]
[WhiteElo "2605"]
[BlackElo "2664"]
[WhiteFideId "2804158"]
[BlackFideId "13401378"]
[EventDate "2018.12.26"]

1. Nf3 g6 2. d4 Bg7 3. c4 d6 4. Nc3 Nf6 5. g3 O-O 6. Bg2 Nc6 7. O-O Bf5 8. Ne1
Re8 9. e4 Bd7 10. Nc2 e5 11. dxe5 dxe5 12. Nd5 Nd4 13. Nxd4 exd4 14. Bg5 c6 15.
Nxf6+ Bxf6 16. Bxf6 Qxf6 17. f4 Qd6 18. Qd3 f6 19. b4 b6 20. Rad1 Bg4 21. Qxd4
Qxb4 22. Qd6 Qxd6 23. Rxd6 Be6 24. e5 Rad8 25. Bxc6 Rxd6 26. exd6 Rd8 27. Rd1
Bxc4 28. a3 Kf7 29. Rd4 Be6 30. Bb5 Bd7 31. Bc4+ Kf8 32. Kf2 b5 33. Be2 a5 34.
Rd5 Rb8 35. Ke3 Kf7 36. f5 gxf5 37. Bd3 a4 38. Bxf5 Bxf5 39. Rxf5 Ke6 40. Rh5
Kxd6 41. Kd3 Rb7 42. Kc3 Ke6 43. Rc5 f5 44. Kb4 Rd7 45. Kxb5 Rd2 46. Rc6+ Kf7
47. Rh6 Kg7 48. Rh4 Kg6 49. Kxa4 h5 50. Kb3 Kg5 51. a4 f4 52. Rxf4 Rxh2 53. a5
Rg2 54. Rf3 Re2 55. Rc3 Re4 56. Rc5+ Kg6 57. a6 Re3+ 58. Kb4 1-0